[Event "Pretoria USSA op"]
[Site "Pretoria"]
[Date "2013.12.05"]
[Round "6"]
[White "Akande, Tunde"]
[Black "Maharaj, Kamil"]
[Result "1-0"]
[WhiteElo "1652"]
[BlackElo "1322"]
[PlyCount "123"]
[EventDate "2013.12.02"]
[EventType "swiss"]
[EventRounds "9"]
[EventCountry "RSA"]
[SourceTitle "CBM 158 Extra"]
[Source "ChessBase"]
[SourceDate "2014.02.28"]
[SourceVersion "1"]
[SourceVersionDate "2014.02.28"]
[SourceQuality "1"]

1. e4 d5 2. exd5 Qxd5 3. Nc3 Qa5 4. Nf3 Bg4 5. Be2 e6 6. h3 Bh5 7. d3 c6 8. 0-0 Nf6 9. a3 Qd8 10. Re1 Be7 11. b3 0-0 12. Bb2 Nbd7 13. Nh2 Bxe2 14. Qxe2 Nb6 15. Ng4 Nxg4 16. Qxg4 Bf6 17. Rab1 Nd5 18. Nxd5 cxd5 19. c4 Bxb2 20. Rxb2 dxc4 21. dxc4 Qf6 22. Rc2 Rfd8 23. Qe4 b6 24. Rd2 Rab8 25. Red1 Rxd2 26. Rxd2 Rd8 27. Rxd8+ Qxd8 28. b4 h6 29. c5 Kf8 30. Qb7 bxc5 31. bxc5 a5 32. Kh2 Ke8 33. g3 Qd4 34. Qb8+ Kd7 35. Qa7+ Ke8 36. Qa8+ Ke7 37. Qb7+ Kf6 38. Qf3+ Ke7 39. c6 Kd6 40. Qxf7 Kxc6 41. Qxe6+ Kb5 42. Qe3 Kc4 43. Kg2 Qd5+ 44. f3 Qd4 45. Qe4 Kc3 46. g4 g5 47. Qxd4+ Kxd4 48. h4 a4 49. hxg5 hxg5 50. Kf2 Kd5 51. Ke2 Kc4 52. f4 gxf4 53. Kf3 Kb3 54. g5 Kxa3 55. g6 Kb2 56. g7 a3 57. g8Q a2 58. Qb8+ Ka3 59. Qe5 Kb3 60. Qa1 Ka3 61. Kxf4 Kb3 62. Ke4 1-0

[Event "Pretoria USSA op"]
[Site "Pretoria"]
[Date "2013.12.02"]
[Round "2"]
[White "Long How, Peter K"]
[Black "Maharaj, Kamil"]
[Result "1-0"]
[WhiteElo "1846"]
[BlackElo "1322"]
[PlyCount "127"]
[EventDate "2013.12.02"]
[EventType "swiss"]
[EventRounds "9"]
[EventCountry "RSA"]
[SourceTitle "CBM 158 Extra"]
[Source "ChessBase"]
[SourceDate "2014.02.28"]
[SourceVersion "1"]
[SourceVersionDate "2014.02.28"]
[SourceQuality "1"]

1. d4 d5 2. c4 e6 3. Nc3 c6 4. Nf3 b6 5. e3 Ba6 6. Ne5 Ne7 7. Bd3 g6 8. Qf3 f5 9. cxd5 Bxd3 10. Nxd3 cxd5 11. h4 h6 12. Nf4 Qd7 13. g4 Nbc6 14. gxf5 gxf5 15. Qh5+ Kd8 16. Qf7 Kc8 17. Nxe6 Nd8 18. Nxd8 Kxd8 19. Qh5 Kc7 20. Qe2 h5 21. Bd2 Ng6 22. Rc1 Kb7 23. Nb5 Bd6 24. Nxd6+ Qxd6 25. Rg1 Rag8 26. a3 Qh2 27. Rg3 Nxh4 28. Qb5 Rxg3 29. Qxd5+ Ka6 30. Qc4+ Kb7 31. Qc7+ Ka6 32. Qxg3 Qxg3 33. fxg3 Nf3+ 34. Ke2 Nxd2 35. Kxd2 Rg8 36. Rg1 h4 37. Ke2 Kb5 38. Kf2 hxg3+ 39. Rxg3 Rf8 40. Kf3 Kc4 41. Kf4 Kd5 42. Rg7 a5 43. Rg5 Ke6 44. Rg6+ Rf6 45. Rxf6+ Kxf6 46. a4 Kg6 47. Ke5 Kg5 48. d5 Kg6 49. Ke6 b5 50. axb5 a4 51. d6 a3 52. bxa3 Kg5 53. d7 Kg4 54. d8Q f4 55. exf4 Kf3 56. f5 Kf4 57. f6 Kg5 58. Qg8+ Kf4 59. Qg6 Ke3 60. Qg4 Kd3 61. Kd5 Ke3 62. Qg3+ Ke2 63. Kd4 Kd2 64. Qg2+ 1-0